000 00749nam a2200253Ia 4500
003 OSt
005 20220925223320.0
006 a|||||r|||| 00| 0
007 ta
008 220923b |||||||| |||| 00| 0 eng d
037 _cGeneral Book
040 _aRTL
_cRTL
_beng
041 _2eng
_aeng
082 _aY:(G:55).53.N9, N7
100 _aConley Verena Andermatt
_9289427
245 0 _aEcopolitics
_b The environment in post structuralist thought
260 _aLondon
_bRoutledge
_c1997
300 _axii,189p
_ccm.
490 _aFeminism for Today
500 _aBibiliography P 176-83
650 _aSociometry
942 _hY:(G:55).53.N9, N7
_cGB
_2CC
999 _c579243
_d579243